000 02157cam a2200589 4500
001 21247
003 VRT
005 20260225145203.0
008 200228s2018 xo f br 000 p slo
015 _aSNBA2019/02
020 _a9788081428180
_q(viazané)
035 _aurn:nbn:sk:snk-am00dbt5
035 _aurn:nbn:sk:snk-am3hwu3
035 _aBDDB7D06-40ED-4B17-9397-6AC5A500A99E
038 _aPPPK
039 9 _a202301121538
_bAUTHORITY
_c202002281423
_dVLOAD
_c201904150840
_dAUTHORITY
_c201902251458
_dmsnk21
040 _aPPPK
_bslo
_cPPPK
_dSNK
_erda
041 0 _aslo
044 _axo
_cSK
072 7 _a821.162.4-1
_xSlovenská poézia
_2konspekt
072 7 _a821-93
_xLiteratúra pre deti a mládež (beletria)
_2konspekt
080 _a821.162.4-1
_22011
080 _a82-1-053.2
_22011
080 _a82-93-053.2
_22011
100 1 _aHubočanová, Emília
_4aut
245 1 0 _aAbeceda
_bv básničkách hľadaj mená
_cEmília Hubočanová ; ilustrácie Jakub Cenkl
246 3 0 _aV básničkách hľadaj mená
250 _aPrvé vydanie
264 1 _aBratislava
_bFortuna Libri
_c2018
300 _a48 nečíslovaných strán
_bfarebné ilustrácie
_c24 cm
336 _atext
_btxt
_2rdacontent
336 _astatický obraz
_bsti
_2rdacontent
337 _abez média
_bnc
_2rdamedia
338 _azväzok
_bnc
_2rdacarrier
490 1 _aFortuna Junior
655 7 _aslovenská poézia
_2SNKPH
655 7 _apoézia pre deti
_2SNKPH
655 7 _apublikácie pre deti
_2SNKPH
655 7 _aSlovak poetry
_2SNKPHeng
655 7 _aChildren's poetry
_2SNKPHeng
655 7 _aChildren’s literature
_2SNKPHeng
700 1 _aCenkl, Jakub,
_d1982-
_4ill
830 0 _aFortuna Junior
942 _2ddc
_cKLDE
_n0
949 _6270001000600124
_asvkbbB 59250
_bsvkbbm 781130
949 _6273K0640599
_asvkpoB 106905
_bsvkpo635048
949 _62889344763
_asavukPV 27691
_bsavuk2019/635
949 _617A1359875
_asnkSC 182897
_bsnk2019/4471
_o181/19
_s6100:20190305
949 _617A1359876
_asnkSC 182897 D1
_bsnk2019/4472
_o181/19
999 _c21247
_d21247